000 00510nam a22001811i 4500
001 10852
010 _a8497895065
090 _a10852
100 _a20170304u u u0frey50 ba
101 0 _apor
200 1 _fRobert Louis Stevenson
_aA flecha negra
_euma história das duas rosas
210 _cPúblico
_aLisboa
_dimp. 2004
215 _a267, [7] p.
_d22 cm
225 2 _aGeração público
_v22
700 1 _aStevenson
_bRobert Louis
_4070
_f1850-1894
702 1 _aSilva
_bManuel da
_4730
801 _aPT
_gRPC
990 _cLIVROS